000 00632nam a2200193 4500
001 136860
003 ES-MaACL
005 20250808012600.0
007 t|
008 070214s1943 sp r ||||1| spa d
100 1 _aSainz de Robles, Federico Carlos,
_d1898-1982
_9101593
245 1 0 _aVelázquez
_b: vivificador de imágenes /
_cpor Federico Carlos Sainz de Robles.
260 _aMadrid :
_bEd. Nacional,
_c1943.
300 _a269 p. ;
_c18 cm.
490 1 _aBreviarios de la vida española
830 0 0 _aBreviarios de la vida española
_9180821
852 _aES-MaACL
_jF-11483
_bR.19967
999 _c136860
_d136860